000 00348nam a2200157Ia 4500
003 OSt
005 20231222105427.0
008 170524s9999 xx 000 0 und d
020 _a9780070482890
040 _ciimt university
100 _aGopal
245 0 _aModern Control System
260 _bTMH New Delhi
260 _c2007
942 _2ddc
_c02
999 _c4894
_d4894